| 000 | 00458nam a2200145Ia 4500 | ||
|---|---|---|---|
| 008 | 170224s9999 xx 000 0 und d | ||
| 100 | _aLei Wen | ||
| 245 | _aUnderstanding the Intentions of Accounting Students in China to Pursue Certified Public Accountant Designation | ||
| 245 | _cLei Wen, Qian Hao & Danlu Bu | ||
| 260 | _bAccounting Education | ||
| 260 | _c2015 | ||
| 300 | _a24:4, Pages: 341-359 | ||
| 650 | _xAccountancy | ||
| 650 | _xAccounting | ||
| 999 |
_c316143 _d316143 |
||